Normal view
MARC view
- Investments, Foreign
Entry Topical Term
001 - CONTROL NUMBER
- control field: 128583
003 - CONTROL NUMBER IDENTIFIER
- control field: NUST
005 - DATE AND TIME OF LATEST TRANSACTION
- control field: 20250328102703.0
008 - FIXED-LENGTH DATA ELEMENTS
- fixed length control field: 250328|| aca||aabn | a|a d
040 ## - CATALOGING SOURCE
- Original cataloging agency: NUST
- Transcribing agency: NUST
150 ## - HEADING--TOPICAL TERM
- Topical term or geographic name entry element: Investments, Foreign
- General subdivision: Law and legislation
670 ## - SOURCE DATA FOUND
- Source citation: Work cat.: (NUST)0: Lowenfeld, Andreas F., 1930- 128582, International economic law /, 2008.
